Quizzes
Events
Quiz Creation
Community
Videos
Private Events
Remove Ads
Sign In
Join for FREE
Feedback
Dark Mode
Quiz Categories
Sports
Geography
Music
Movies
Television
Just For Fun
Miscellaneous
History
Literature
Language
Science
Gaming
Entertainment
Religion
Holiday
For Kids
Quiz Lab
Recent
Popular Today
Quiz Kudos Today
Editor Picks
Curator Picks
Quizzes by...
Day
Popularity
Type
Ratings
Length
Year
Community
Subscriptions
Recent Discussions
Orange Saloon
Badges
Playlists
Quests
Create
Leaderboards
Showdown
Live 5
Trivia Bingo
Activity
Puzzle Library
Sporcle Events
Private Events
Virtual Trivia
Globe League
Become a Host
Pub Owners
SporcleCon
Opinionation
Our Games
Videos
Blog
Mobile Apps
Partnerships
Remove Ads and Go Orange
Feedback
Movies
Disney
Marvel Cinematic Universe
Movie Resume
Movie Titles
Oscar
Actor
Actress
Director
Pixar
Role
Movie Quotes
Movie Characters
Box Office
Nominee
Best Picture
Star Wars
James Bond
Horror Movies
Movies
Disney
Marvel Cinematic Universe
Movie Resume
Movie Titles
Oscar
Actor
Actress
Director
Pixar
Role
Movie Quotes
Movie Characters
Box Office
Nominee
Best Picture
Star Wars
James Bond
Horror Movies
Random Quiz
Search Sporcle
×
Quiz Lab
Quiz Lab
Movies
Villains
Type in answers that appear in a list
Type in answers that appear in a list
Classic
Best Score? Go Orange.
Spider-man villains that have appeared in movies Stats
Can you name the Spider-man villains that have appeard in movies
By
benzack
4m
8 Questions
314 Plays
314 Plays
314 Plays
Comments
Comments
Give Quiz Kudos
Give Quiz Kudos
-
- Ratings
hide this ad
Replay
Link that replays current quiz
Next Quiz
Link to next quiz in quiz playlist
You Got
0%
They Got
Avg Score
80%
Avg Friend Score
Upgrade to see
Score Distribution
Jump to the score distribution portion of the page
Score
0/8
Timer
04:00
0
Plays Today
Film(s)
Villain
% Correct
Spider-
Man 1, 2, and 3
Green Goblin
98.7%
Spider-
Man 3
Venom
91.4%
Spider-
Man 3
Sandman
90.8%
The Amazing Spider-
Man
Lizard
86.9%
The Amazing Spider-
Man 2
Electro
84.1%
The Amazing Spider-
Man 2
Rhino
71.3%
Spider-
Man 2
Dr Octopus
66.2%
Spider-
Man 1, 2, and 3
Harry Osborn
57.3%
Quiz Playlist
Details
Report
Send in Message
Add To Playlist
Classic:
Type in answers that appear in a list
Last Updated: Feb 16, 2017
Quiz Scoreboard
CHALLENGE
Sign Up to Join the Scoreboard
Show All
Scores
Hide
Comments
May contain spoilers
Recently Published
Movies - When Are They Set?
by FPL_Elf
Movies
5m
Popular People in 1961
by mucciniale
History
6m
1-10 Letter E Words III
by El_Dandy
Language
2m
More to Explore
Quiz From the Vault
Featured Blog Post
Where Did the Easter Bunny Come From?
hide this ad
You Might Also Like...
Tags
Spider-Man
Villains
Today's Top Quizzes in Movies
Browse Movies
hide this ad
Today's Top Quizzes in Villains
Browse Villains
Top Contributed Quizzes in Movies
1
Pick 5 Posters: Directed by Spielberg
2
Multi-Oscar Nominations, One Movie, One Winner
3
One Thing in Common: Movies
4
12 Movies about Fictional 1960s Events
5
One Thing in Common: Movies II
6
Sunday Crossword: Film Score Composers
7
Three Word 'H' Movies Match Up
8
Three Word 'T' Movies Match Up
9
One Thing in Common: Oscars
10
Three Word 'M' Movies Match Up
Explore More
Trending Topics
Kpop
Crossword
Harry Potter
Disney
NBA
Marvel
Anime
Country
Pokémon
NFL
WWE
The Office
Song
Soccer
Puzzle
hide this ad
More By:
benzack
Quiz
Plays
Rating
Category
Featured
Created
Spider-man villains that have appeared in movies
314
1.33
Movies
Nov 28, 2013
Batman villains appeared in movies (after 1967)
281
2.80
Movies
Nov 28, 2013
Big 4 sports teams with bird names
238
1.00
Sports
Nov 23, 2013
Universal Studios Orlando Rides
222
1.33
Just For Fun
Jun 8, 2013
Big 4 sports teams with a color in their name
218
5.00
Sports
Nov 23, 2013
Go to Creator's Profile
Score Distribution
Quiz Creator Spotlight
benzack
Follow
Send a Message
Quizzes Created
-
Created Quiz Play Count
-
More By This Creator
Popular Quizzes Today
1
Find the Countries of Europe - No Outlines Minefield
2
Find the US States - No Outlines Minefield
3
The Countries of the World
4
Popular People in 1961
5
US States
6
1-10 Letter E Words III
7
Find the US States
8
One Thing in Common: World Cities II
More Movies Quizzes
Disney Movie Countries
Quiz Lab
Trending Quizzes
Risky Map Clicking: Least Populous States A-Z
1-10 Letter F Words
1-10 Letter G Words
One Thing in Common: United Kingdom
Risky Map Clicking: Next State Alphabetically
Recently Updated
Leaping Animals
pecheneg
Reality TV Shows (A-Z)
bhenderson79
Rickey Henderson's Hall of Fame Teammates
pecheneg
Champions League XIs: Arsenal
pecheneg
Quick Pick: Celebrities in WWE's Hall of Fame
aduchscher
A-Z Keypad Blitz II
pecheneg
Multiple Oscar Actors
pecheneg
Mystery Phrase Blitz: Oscar 'Best Actors'
pecheneg
F. Scott Fitzgerald Novels
LTH
Pick 3 Villains
ddd62291
Trending Topics
NBA
Marvel
Crossword
Harry Potter
Disney
Anime
Kpop
The Office
Puzzle
Soccer
Song
WWE
Country
Pokémon
NFL
Your Account Isn't Verified!
In order to create a playlist on Sporcle, you need to verify the email address you used during registration. Go to your
Sporcle Settings
to finish the process.
Report this User
Report this user for behavior that violates our
Community Guidelines
.
Details:
Send Report
Go to the Sporcle.com Mobile Site →
Comments